01774cam a22003378i 45000010009000000050017000090060019000260070015000450080041000600100017001010200026001180200030001440400023001740420008001970500009002050820019002141000041002332450143002742500019004172630009004362640085004453000022005303360026005523370026005783380036006045040053006405200406006935880103010996500026012027760208012282141551420230322163717.0m |o d | cr |||||||||||200130s2020 enk ob 001 0 eng  a 2020001146 a9781108613927q(epub) z9781108484534q(hardback) aDLCbengcDLCerda apcc00aQC2000a530.1223bLON1 aLongair, Malcolm S.,d1941-eauthor.10aTheoretical concepts in physics :ban alternative view of theoretical reasoning in physics /cMalcolm S. Longair, University of Cambridge. aThird edition. a2009 1aCambridge, United Kingdom ;aNew York, NY :bCambridge University Press,c[2020] a1 online resource atextbtxt2rdacontent acomputerbc2rdamedia aonline resourcebcr2rdacarrier aIncludes bibliographical references and indexes. a"In this original and integrated approach to theoretical reasoning in physics, Malcolm Longair illuminates the subject from the perspective of real physics as practised by research scientists. Concentrating on the basic insights, attitudes and techniques that are the tools of the modern physicist, this approach conveys the intellectual excitement and beauty of the subject"--cProvided by publisher. aDescription based on print version record and CIP data provided by publisher; resource not viewed. 0aMathematical physics.08iPrint version:aLongair, Malcolm S., 1941-tTheoretical concepts in physicsbThird edition.dCambridge, United Kingdom ; New York, NY : Cambridge University Press, [2020]z9781108484534w(DLC) 2020001145